000 02000cam a22004454i 4500
003 PE-LiUPU
005 20250731172738.0
008 150617s r 000 0 d
035 _a(Sirsi) a11866
040 _aPE-LiUPU
_bspa
_cPE-LiUPU
_erda
049 _aPRUA
082 0 4 _a223.3
_bM25
_221
100 1 _aMacias, José,
_eautor.
245 1 3 _aLa realeza de Cristo en los Salmos /
_cJosé Macias.
264 1 _aMéxico :
_bEditorial Buena Prensa,
_c1950.
300 _a94 páginas ;
_c24 cm.
336 _atext
_2rdacontent
337 _aunmediated
_2rdamedia
338 _avolume
_2rdacarrier
505 0 _aEL concepto humano de rey -- Los conceptos de rey y de reino en general -- El concepto de Cristo Rey -- El concepto actual de Cristo Rey -- ¿En qué Cristo debemos pensar cuando hablamos de Cristo Rey? -- ¿Por qué hay dificultad en entender la Realeza de Cristo? -- El reconocimiento de la realeza de Cristo en la actualidad, exige mayor espíritu de fe y supone mayor mérito -- ¿Por qué no llamamos a Cristo Rey más bien como Cristo Emperador? -- Predicción de la realeza de Cristo -- La realeza de Cristo verificada. Caracteres distintivos de la realeza de Cristo -- Cualidades de la realeza de Cristo.
526 _aSEG42
526 _aSEG41
526 _aSEG40
526 _aSEG39
526 _aP94
526 _aP87
526 _aP86
526 _aP85
526 _aP77
526 _aP76
526 _aP35
630 _aBiblia
_pA.T.
_pSalmos
_xCristología.
910 _ajck
_bjvq
_cjck
_d20150616
942 _2ddc
_cBOOK
949 _a223.3 M25
_wDEWEY
_c1
_i11582
_lCCODEBUL1
_mBUL
_p00.00
_r0
_sY
_tBOOK
_u2015-04-21
_xTEOLOGIA
_PP35
_0COMPRA
_o.STAFF. Colección general
994 _aC0
_bPEPRU
596 _a1
999 _a223.3 M25
_wDEWEY
_c2060
_i11582
_d2060
_f2021-11-11
_g5
_lCCODEBUL1
_mBUL
_q8
_r0
_sY
_tBOOK
_u2015-4-21
_xTEOLOGIA
_PP35
_0COMPRA
_o.STAFF. Colección general
980 _81
_gALBERTO SANCHEZ Responsable de Automatización